000 00709nai a2200193Ia 4500
003 IN-BaIIA
008 211028c9999 xx s 000 0 eng d
022 _a1042-296X (Print)
022 _a2374-958X (Online)
040 _cIIA Library
245 0 _aIEEE Transactions on Robotics and Automation
_h[eJournal]
260 _aNew York, USA
_bThe Institute of Electrical and Electronics Engineers, Inc. (IEEE)
310 _aBimonthly
362 _a5(1); 1989 - 20(3); 2004
521 _bSubscribed through National Knowledge Resource Consortium (NKRC)
650 _aRobotics and Control Systems
856 _uhttps://ieeexplore.ieee.org/servlet/opac?punumber=70
_yClick Here to Access eJournal
942 _cEJ
999 _c34731
_d34731